000 00274nam a2200109Ia 4500
008 230907s9999||||xx |||||||||||||| ||und||
082 _a537
_bFEY
245 4 _aThe Feynman lectures on physics :
260 _aPerson,
_bNoida :
_c2019
300 _avarious pages.
942 _cBK
999 _c598886
_d598886